| 000 | 01077nam a22003137a 4500 | ||
|---|---|---|---|
| 003 | CHAP | ||
| 005 | 20220329141103.0 | ||
| 008 | 971013s1991 r 00010 d | ||
| 010 | _a62411 | ||
| 011 | _a63383 | ||
| 035 | _a67559 | ||
| 040 | _cCHAP | ||
| 082 |
_a307.2 _bM8 |
||
| 100 | 0 | 0 |
_aMuñoz García, Humberto _ecoord. _979595 |
| 245 | _aInvestigación social y política académica | ||
| 260 |
_aCuernavaca, Mor. : _bUNAM. Centro Regional de Investigaciones Multidisciplinarias, _c1991 |
||
| 300 |
_a127 p. _b: mapa |
||
| 590 |
_aBATCH-UPD _b10 _c20130110 _lUCH01 _h0100 |
||
| 590 |
_aBATCH-UPD _b10 _c20130110 _lUCH01 _h2024 |
||
| 590 |
_aBATCH-UPD _b10 _c20130409 _lUCH01 _h2049 |
||
| 590 |
_aBATCH-UPD _b10 _c20130410 _lUCH01 _h1341 |
||
| 590 |
_aBATCH-UPD _b10 _c20130914 _lUCH01 _h0938 |
||
| 590 |
_aCONVERSION _b10 _c20130109 _lUCH01 _h1333 |
||
| 650 | 1 | 4 |
_aCiencias sociales _xInvestigación. _923226 |
| 700 | 0 |
_aSuárez Zozaya, María Herlinda _ecorrd. _9110737 |
|
| 901 | _aBK | ||
| 942 | _cLIBRO | ||
| 949 |
_a307.2 M8 _bBC _cLIBRO _d33724000643599 _eLIBRO _h92132 _i67559 _si |
||
| 999 |
_c62411 _d62411 |
||